Szuromi Pál Csáky József Könyvpremier /

Elmentve itt :
Bibliográfiai részletek
Szerző: Pacsika Emília
Dokumentumtípus: Cikk
Megjelent: 1989-12-08
Sorozat:Délmagyarország 79 No. 291
Kulcsszavak:Szuromi Pál, képzőművészet
Online Access:http://dmarchiv.bibl.u-szeged.hu/100520
LEADER 00484nab a2200157 i 4500
001 delm100520
005 20190920095646.0
008 190920s1989 hu o 0|| hun d
040 |a SZTE Délmagyarország Archívum  |b hun 
041 |a hun 
100 1 |a Pacsika Emília 
245 1 0 |a Szuromi Pál  |h [elektronikus dokumentum] :  |b Csáky József Könyvpremier /  |c  Pacsika Emília 
260 |c 1989-12-08 
300 |a 5 
490 0 |a Délmagyarország  |v 79 No. 291 
695 |a Szuromi Pál, képzőművészet